| 000 | 00559nam a2200181Ia 4500 | ||
|---|---|---|---|
| 003 | IN-BaIIA | ||
| 008 | 211028s9999 xx 000 0 eng d | ||
| 020 | _a978-87-93379-15-2 | ||
| 040 | _cIIA Library | ||
| 080 |
_a621.396 _bCOO |
||
| 245 | 0 |
_aCooperative radio communications for green smart environments _cedited by Narcis Cardona |
|
| 260 |
_aGistrup _bRiver Publishers _c2016 |
||
| 300 | _aiviii, 606p. | ||
| 650 |
_aData transmission systems _937156 |
||
| 650 |
_aRadio communications _934157 |
||
| 700 |
_aCardona, Narcis, ed. _937157 |
||
| 942 | _cBK | ||
| 999 |
_c19435 _d19435 |
||